Nutrition Breakthrough (Record no. 2162)

MARC details
000 -LEADER
fixed length control field 00301nam a2200133Ia 4500
008 - FIXED-LENGTH DATA ELEMENTS--GENERAL INFORMATION
fixed length control field 230312s9999||||xx |||||||||||||| ||und||
082 ## - DEWEY DECIMAL CLASSIFICATION NUMBER
Classification number 615.854
Item number ATK-N
100 ## - MAIN ENTRY--PERSONAL NAME
Personal name Atkins;Robert,C
245 #0 - TITLE STATEMENT
Title Nutrition Breakthrough
260 ## - PUBLICATION, DISTRIBUTION, ETC.
Place of publication, distribution, etc. UK
300 ## - PHYSICAL DESCRIPTION
Extent 322
650 ## - SUBJECT ADDED ENTRY--TOPICAL TERM
Topical term or geographic name entry element Medical
Form subdivision Nutrition
942 ## - ADDED ENTRY ELEMENTS (KOHA)
Koha item type BOOK
Holdings
Withdrawn status Lost status Source of classification or shelving scheme Damaged status Not for loan Home library Current library Date acquired Total Checkouts Full call number Barcode Date last seen Price effective from Koha item type
    Dewey Decimal Classification     Superior Information Resource Center (SIRC) Superior University- Main Campus Superior Information Resource Center (SIRC) Superior University- Main Campus 03/13/2023   615.854 ATK-N 2173 03/13/2023 03/13/2023 BOOK

Powered by Koha